|
|
|
|
| LEADER |
01062pam a22002658a 4500 |
| 001 |
00032498 |
| 005 |
20171026081025.0 |
| 008 |
140922s2011 ||||||engsd |
| 020 |
# |
# |
|a 9780521227117
|c 106000
|
| 041 |
0 |
# |
|a eng
|
| 082 |
1 |
4 |
|a 428
|b C104PR
|
| 110 |
1 |
# |
|a University of Cambridge
|
| 245 |
1 |
0 |
|a Cambridge preliminary English test 4 with answers
|b Examination papers from University of Cambridge ESOL examinations: English for Speakers of Other Languages
|
| 260 |
# |
# |
|a Việt Nam
|b Fahasa Printing Factory
|c 2011
|
| 300 |
# |
# |
|e 2 CD
|a 150p.
|b ill.
|c 25 cm.
|
| 653 |
# |
# |
|a Bài kiểm tra
|
| 653 |
# |
# |
|a Tiếng Anh
|
| 653 |
# |
# |
|a Luyện thi
|
| 653 |
# |
# |
|a Cambridge
|
| 852 |
# |
# |
|b Kho mượn
|j KM.0017184, KM.0017185, KM.0017760, KM.0017761, KM.0017762, KM.0017763, KM.0017764
|
| 852 |
# |
# |
|j KM.0017184
|j KM.0017185
|j KM.0017760
|j KM.0017762
|j KM.0017763
|j KD.0016055
|j KM.0017761
|j KM.0017764
|
| 852 |
# |
# |
|b Kho đọc
|j KD.0016055
|
| 910 |
|
|
|d 22/9/2014
|
| 980 |
# |
# |
|a Trung tâm Học liệu Lê Vũ Hùng, Trường Đại học Đồng Tháp
|